00477 a2200157 4500010001400000020002300014035001300037037001600050082001400066100001700080245003400097250001100131260004400142270010600186300002700292 aENG-89966 c145.00a8180546209 aEN-73499 bDBAD / PUB14a346.540661 aKapoor, N.D.1 aCompany Law /cby N.D. Kapoor a6th ed aNew DelhibSultan Chand and Sonsc2007 a23, Darya Ganj,bNew DelhicDelhie110002k23243183, 23247051, 23266105, 23278843, 23281876l23266357 axiv, 397c26 cm. (Pbk)